Sexualidad humana : diagnóstico psicofisiológico /
Đã lưu trong:
| Tác giả chính: | |
|---|---|
| Tác giả khác: | |
| Định dạng: | Điện tử Sách |
| Ngôn ngữ: | Tiếng Tây Ban Nha |
| Được phát hành: |
Bilbao :
Universidad de Deusto, c2001.
|
| Loạt: | Serie Psicología (Universidad de Deusto) ;
vol. 6 |
| Những chủ đề: | |
| Truy cập trực tuyến: | Digitalia Hispánica |
| Các nhãn: |
Thêm thẻ
Không có thẻ, Là người đầu tiên thẻ bản ghi này!
|
MARC
| LEADER | 00000nam a2200000Ii 4500 | ||
|---|---|---|---|
| 001 | DIGDEU2306 | ||
| 003 | NyNyDIG | ||
| 006 | m o d | ||
| 007 | cr ||||||||||| | ||
| 008 | 130501s2001 sp b 000 0 spa d | ||
| 020 | |a 9788498308419 |q (eBook) | ||
| 020 | |z 8474857538 | ||
| 020 | |z 9788474857535 | ||
| 035 | |a (OCoLC)857077540 | ||
| 040 | |a DGITA |b eng |e pn |c DGITA | ||
| 050 | 1 | 4 | |a BF692 eBook |
| 100 | 1 | |a Cáceres Carrasco, José. | |
| 245 | 1 | 0 | |a Sexualidad humana : |b diagnóstico psicofisiológico / |c José Cáceres Carrasco ; prólogo de J. MOE Farré Martí. |
| 264 | 1 | |a Bilbao : |b Universidad de Deusto, c2001. | |
| 300 | |a 1 online resource (116 pages) : |b ill. | ||
| 336 | |a text |b txt |2 rdacontent | ||
| 337 | |a computer |b c |2 rdamedia | ||
| 338 | |a online resource |b cr |2 rdacarrier | ||
| 490 | 1 | |a Serie Psicología ; |v v. 6 | |
| 504 | |a Includes bibliographical references (p. 103-114). | ||
| 650 | 0 | |a Sexual Dysfunctions, Psychological |x Physiopathology. | |
| 650 | 0 | |a Psychophysiology |x Methods. | |
| 650 | 0 | |a Sexual Dysfunction, Physiological |x Psychology. | |
| 655 | 0 | |a Electronic books. | |
| 700 | 1 | |a Farré Martí, J. Maria, |d 1945- | |
| 791 | 2 | |a Digitalia (Firm), |e distributor. | |
| 830 | 0 | |a Serie Psicología (Universidad de Deusto) ; |v vol. 6 | |
| 793 | 0 | |g Digitalia eBook Collection: |a Universidad de Deusto. | |
| 856 | 4 | 0 | |3 Digitalia Hispánica |u https://digitalia.unach.elogim.com/a/17514/ |
| 910 | |a Premium Collection: 2007-2012 | ||